The Lorien Legacies - Statistics

General Stats
  • This quiz has been taken 31 times
  • The average score is 15 of 35
Answer Stats
Hint Answer % Correct
Who is the main character of I am Number Four? John Smith/Four
100%
Where state is the town of Paradise located? Ohio
100%
What is Marina's number? Seven
100%
What happens at Mark James' party? His house burns down and John saves Sarah
94%
What are loric without legacies called? The Cêpan
89%
What is the name of the second book? The Power of Six
89%
What kind of dog does Bernie Kosar take the form of? A Beagle
83%
Where is Nine's penthouse? Chicago
72%
What country has Eight been dwelling in? India
67%
Who is the one to kill Setrákus Râ? Six
67%
Who is collected in Arkansas? Five
61%
Who rescues Sam from captivity? His father
61%
Who is trapped in the Mogadorian stronghold? Nine
61%
Who is killed in the battle at the temple? Sarah
56%
Who do the Garde battle at the end of The Rise of Nine? Setrákus Râ
56%
Who gains legacies at the beginning of The Fate of Ten? Daniela
44%
How do Marina, Ella and Eight flee the Mogadorians? Teleportion aided by a loralite stone
44%
Where is Six captured and imprisoned? Dulce Base
39%
What happens in Florida? Eight is killed
33%
Who disables the skimmers outside the temple? Phiri Dun Ra
33%
What do the Garde find in Mexico? The Loric Sanctuary
33%
What does John see in Ella's nightmare? A future of Washington DC in ruins
28%
Where do the survivors take over? Ashwood Estates
17%
What happens during the UN conference? The Mogadorian invasion begins
17%
What legacy does Sam gain? The power to communicate with electronics
17%
What is Ella's first legacy? Aeternus
11%
Who do the survivors meet in Baltimore? A group of escaped chimæra
11%
What do Six, Marina and Nine see arrive? A Mogadorian Warship
11%
What does Marina dream about? Joining Eight in death
11%
Who attempts to capture the escaped Garde in West Virginia? The FBI
11%
What does Ella show the Loric? The past of Setrákus Râ and Pittacus Lore
11%
What wound and torture John? Augmented Mogadorians
6%
Where do the Loric occupy as a base? Patience Creek Facility
6%
Why are John, Sam and Six pulled over in Tennessee? Their truck has stolen plates
6%
What causes John to pass out? The effort of holding up a collapsed subway tunnel
0%
No matching quizzes found
Score Distribution
Percent of People with Each Score
Percentile by Number Answered
Your Score History
You have not taken this quiz